[Event "EUYCC 2024 U12"]
[Site "?"]
[Date "2024.08.08"]
[Round "4.4"]
[White "Sabou, Stefania Theodora"]
[Black "Moravcik, Alex"]
[Result "1/2-1/2"]
[BlackElo "1762"]
[WhiteElo "1781"]
[LiveChessVersion "1.4.8"]

1. c4 {[%clk 1:30:54]} Nf6 {[%clk 1:30:52]} 2. Nc3 {[%clk 1:31:03]} g6
{[%clk 1:31:07]} 3. g3 {[%clk 1:31:19]} Bg7 {[%clk 1:31:19]} 4. Bg2
{[%clk 1:31:37]} O-O {[%clk 1:31:42]} 5. e4 {[%clk 1:31:51]} e5 {[%clk 1:31:16]}
6. Nge2 {[%clk 1:31:50]} Nc6 {[%clk 1:28:19]} 7. O-O {[%clk 1:31:45]} d6
{[%clk 1:28:30]} 8. d3 {[%clk 1:31:53]} Be6 {[%clk 1:18:02]} 9. a3
{[%clk 1:25:15]} a5 {[%clk 1:16:05]} 10. f4 {[%clk 1:20:32]} Qc8 {[%clk 1:14:48]}
11. Bd2 {[%clk 1:13:26]} Bg4 {[%clk 1:02:23]} 12. Qc2 {[%clk 1:00:42]} Nh5
{[%clk 0:55:48]} 13. Rae1 {[%clk 0:51:47]} exf4 {[%clk 0:53:45]} 14. Bxf4
{[%clk 0:49:36]} Nxf4 {[%clk 0:53:34]} 15. gxf4 {[%clk 0:47:13]} Nd4
{[%clk 0:44:36]} 16. Nxd4 {[%clk 0:45:07]} Bxd4+ {[%clk 0:42:17]} 17. Kh1
{[%clk 0:45:35]} c6 {[%clk 0:40:10]} 18. Qd2 {[%clk 0:41:01]} Bg7
{[%clk 0:36:33]} 19. f5 {[%clk 0:29:58]} f6 {[%clk 0:27:43]} 20. Qf4
{[%clk 0:28:09]} Bh5 {[%clk 0:26:43]} 21. d4 {[%clk 0:18:41]} Qd7
{[%clk 0:26:00]} 22. Qh4 {[%clk 0:16:52]} Qe8 {[%clk 0:21:14]} 23. Qg3
{[%clk 0:10:59]} Qd7 {[%clk 0:18:10]} 24. Bh3 {[%clk 0:07:04]} Qe7
{[%clk 0:16:33]} 25. Qh4 {[%clk 0:04:39]} Qe8 {[%clk 0:16:21]} 26. Qf4
{[%clk 0:04:38]} Qd7 {[%clk 0:16:27]} 27. Qg3 {[%clk 0:03:39]} Qe7
{[%clk 0:15:52]} 28. Bg4 {[%clk 0:03:46]} Bxg4 {[%clk 0:16:09]} 29. Qxg4
{[%clk 0:04:14]} g5 {[%clk 0:16:06]} 30. Qh5 {[%clk 0:03:26]} Rfe8
{[%clk 0:15:44]} 31. Qf3 {[%clk 0:02:40]} Qf7 {[%clk 0:15:44]} 32. Qd3
{[%clk 0:01:40]} 1/2-1/2

[Event "EUYCC 2024 U12"]
[Site "?"]
[Date "2024.08.08"]
[Round "4.5"]
[White "Dabrowska, Ewa"]
[Black "Vancakova, Veronika"]
[Result "0-1"]
[BlackElo "1776"]
[WhiteElo "1515"]
[LiveChessVersion "1.4.8"]

1. e4 {[%clk 1:30:58]} d6 {[%clk 1:30:55]} 2. d4 {[%clk 1:31:23]} Nf6
{[%clk 1:31:21]} 3. Nc3 {[%clk 1:31:46]} g6 {[%clk 1:31:46]} 4. Bg5
{[%clk 1:32:11]} Bg7 {[%clk 1:32:01]} 5. e5 {[%clk 1:32:33]} dxe5
{[%clk 1:32:20]} 6. dxe5 {[%clk 1:32:56]} Ng4 {[%clk 1:32:23]} 7. Qxd8+
{[%clk 1:33:00]} Kxd8 {[%clk 1:32:48]} 8. O-O-O+ {[%clk 1:33:23]} Bd7
{[%clk 1:32:55]} 9. e6 {[%clk 1:33:23]} fxe6 {[%clk 1:33:08]} 10. Ne4
{[%clk 1:33:27]} Ke8 {[%clk 1:29:10]} 11. Be2 {[%clk 1:30:35]} Ne5
{[%clk 1:22:58]} 12. Nh3 {[%clk 1:30:22]} b6 {[%clk 1:19:39]} 13. f4
{[%clk 1:19:01]} Nf7 {[%clk 1:18:29]} 14. Bc4 {[%clk 1:17:51]} Nd6
{[%clk 1:12:14]} 15. Bd3 {[%clk 1:10:40]} Kf7 {[%clk 1:00:41]} 16. Rhf1
{[%clk 0:58:03]} Nc6 {[%clk 0:45:39]} 17. c3 {[%clk 0:52:13]} Rhf8
{[%clk 0:41:28]} 18. Bh4 {[%clk 0:46:31]} h6 {[%clk 0:39:04]} 19. Rf3
{[%clk 0:41:40]} Nf5 {[%clk 0:25:48]} 20. Bf2 {[%clk 0:37:26]} Rad8
{[%clk 0:23:40]} 21. g4 {[%clk 0:29:37]} Nd6 {[%clk 0:23:01]} 22. Bh4
{[%clk 0:27:12]} Na5 {[%clk 0:16:25]} 23. b3 {[%clk 0:21:39]} Nab7
{[%clk 0:15:21]} 24. b4 {[%clk 0:19:06]} Nxe4 {[%clk 0:12:20]} 25. Bxe4
{[%clk 0:19:23]} Nd6 {[%clk 0:12:45]} 26. Bc2 {[%clk 0:18:55]} Bc6
{[%clk 0:10:36]} 27. Rf2 {[%clk 0:17:05]} Bd5 {[%clk 0:06:35]} 28. f5
{[%clk 0:14:38]} gxf5 {[%clk 0:05:57]} 29. gxf5 {[%clk 0:14:59]} Ke8
{[%clk 0:05:14]} 30. Ba4+ {[%clk 0:11:40]} b5 {[%clk 0:04:52]} 31. Bc2
{[%clk 0:10:54]} Nxf5 {[%clk 0:03:48]} 32. Bxf5 {[%clk 0:09:36]} Rxf5
{[%clk 0:02:16]} 33. Rxf5 {[%clk 0:09:49]} exf5 {[%clk 0:02:41]} 34. Re1
{[%clk 0:09:53]} Rd7 {[%clk 0:02:09]} 35. Nf4 {[%clk 0:09:07]} e5
{[%clk 0:02:10]} 36. Nd3 {[%clk 0:07:56]} e4 {[%clk 0:01:56]} 37. Nc5
{[%clk 0:08:03]} Rf7 {[%clk 0:02:14]} 38. Rd1 {[%clk 0:08:01]} c6
{[%clk 0:02:30]} 39. Ne6 {[%clk 0:07:31]} Bxc3 {[%clk 0:01:54]} 40. Nf4
{[%clk 0:07:10]} Rd7 {[%clk 0:01:38]} 41. a3 {[%clk 0:06:21]} Bf7
{[%clk 0:01:24]} 42. Rf1 {[%clk 0:05:27]} Bc4 {[%clk 0:01:27]} 43. Rd1
{[%clk 0:04:37]} Bb2+ {[%clk 0:01:28]} 44. Kc2 {[%clk 0:04:37]} Rxd1
{[%clk 0:01:52]} 45. Kxd1 {[%clk 0:05:04]} Bxa3 {[%clk 0:02:06]} 46. Kd2
{[%clk 0:05:06]} Bxb4+ {[%clk 0:02:29]} 47. Ke3 {[%clk 0:05:26]} Bc5+
{[%clk 0:02:52]} 48. Kd2 {[%clk 0:05:49]} Kf7 {[%clk 0:02:28]} 49. h3
{[%clk 0:05:38]} a5 {[%clk 0:02:50]} 50. Kc2 {[%clk 0:05:59]} Bd4
{[%clk 0:03:01]} 51. Be1 {[%clk 0:06:09]} b4 {[%clk 0:03:12]} 52. Kb1
{[%clk 0:05:46]} c5 {[%clk 0:03:33]} 53. Kc2 {[%clk 0:06:08]} a4 {[%clk 0:03:56]}
54. Kb1 {[%clk 0:06:28]} a3 {[%clk 0:04:21]} 55. h4 {[%clk 0:06:26]} a2+
{[%clk 0:04:44]} 56. Kc2 {[%clk 0:06:35]} b3+ {[%clk 0:04:40]} 57. Kd2
{[%clk 0:06:52]} e3+ {[%clk 0:04:59]} 58. Kd1 {[%clk 0:07:06]} a1=Q#
{[%clk 0:05:21]} 0-1

[Event "EUYCC 2024 U12"]
[Site "?"]
[Date "2024.08.08"]
[Round "4.6"]
[White "Skytte, Robert"]
[Black "Janaszak, Amelia"]
[Result "0-1"]
[BlackElo "1424"]
[WhiteElo "1866"]
[LiveChessVersion "1.4.8"]

1. e4 {[%clk 1:30:58]} e6 {[%clk 1:30:51]} 2. d4 {[%clk 1:31:11]} d5
{[%clk 1:30:52]} 3. Nc3 {[%clk 1:31:35]} Nf6 {[%clk 1:28:53]} 4. e5
{[%clk 1:31:47]} Ng8 {[%clk 1:28:18]} 5. Nf3 {[%clk 1:31:38]} c5 {[%clk 1:27:03]}
6. Bg5 {[%clk 1:31:32]} Qd7 {[%clk 1:21:10]} 7. Bb5 {[%clk 1:26:02]} Nc6
{[%clk 1:20:28]} 8. Na4 {[%clk 1:25:54]} cxd4 {[%clk 1:15:58]} 9. Nxd4
{[%clk 1:24:28]} Qc7 {[%clk 1:12:46]} 10. c4 {[%clk 1:24:07]} a6 {[%clk 1:04:56]}
11. Bxc6+ {[%clk 1:21:09]} bxc6 {[%clk 1:04:53]} 12. O-O {[%clk 1:19:45]} Ne7
{[%clk 0:59:51]} 13. cxd5 {[%clk 1:19:34]} cxd5 {[%clk 0:57:33]} 14. Rc1
{[%clk 1:19:01]} Qb8 {[%clk 0:50:02]} 15. Bxe7 {[%clk 1:12:48]} Bxe7
{[%clk 0:49:02]} 16. Nc6 {[%clk 1:12:45]} Qb7 {[%clk 0:47:15]} 17. Nxe7
{[%clk 1:12:55]} Kxe7 {[%clk 0:46:43]} 18. Nc5 {[%clk 1:12:54]} Qxb2
{[%clk 0:41:30]} 19. Ne4 {[%clk 1:11:55]} Qxe5 {[%clk 0:35:50]} 20. Nc3
{[%clk 1:10:40]} Rd8 {[%clk 0:34:26]} 21. Re1 {[%clk 1:10:25]} Qd6
{[%clk 0:33:36]} 22. Qg4 {[%clk 1:10:04]} Kf8 {[%clk 0:32:56]} 23. Re3
{[%clk 1:09:00]} Qe7 {[%clk 0:29:09]} 24. Rh3 {[%clk 1:08:20]} Kg8
{[%clk 0:27:50]} 25. Qh5 {[%clk 1:06:51]} h6 {[%clk 0:27:01]} 26. Rg3
{[%clk 1:05:37]} Kh8 {[%clk 0:26:28]} 27. Re1 {[%clk 1:05:47]} Qf6
{[%clk 0:23:15]} 28. Ree3 {[%clk 1:05:19]} Qf5 {[%clk 0:21:48]} 29. Qh4
{[%clk 1:04:51]} Qf6 {[%clk 0:21:31]} 30. Qg4 {[%clk 1:03:25]} e5
{[%clk 0:20:23]} 31. Qb4 {[%clk 1:03:11]} d4 {[%clk 0:16:58]} 32. Rgf3
{[%clk 0:39:42]} dxc3 {[%clk 0:15:29]} 33. Qxc3 {[%clk 0:39:17]} Rd1+
{[%clk 0:15:37]} 34. Re1 {[%clk 0:39:44]} Rxe1+ {[%clk 0:15:55]} 35. Qxe1
{[%clk 0:40:10]} Qe7 {[%clk 0:15:39]} 36. Re3 {[%clk 0:40:16]} f6
{[%clk 0:15:02]} 37. f4 {[%clk 0:40:36]} Bf5 {[%clk 0:09:16]} 38. fxe5
{[%clk 0:40:50]} fxe5 {[%clk 0:09:02]} 39. Rxe5 {[%clk 0:41:15]} Qf6
{[%clk 0:08:17]} 40. h3 {[%clk 0:40:59]} Rb8 {[%clk 0:07:01]} 41. Kh2
{[%clk 0:41:02]} Bg6 {[%clk 0:04:45]} 42. Qg3 {[%clk 0:40:58]} Re8
{[%clk 0:03:32]} 43. Rd5 {[%clk 0:40:52]} Bf7 {[%clk 0:02:36]} 44. Ra5
{[%clk 0:40:58]} Bc4 {[%clk 0:02:38]} 45. Ra4 {[%clk 0:39:24]} Bb5
{[%clk 0:02:48]} 46. Rf4 {[%clk 0:39:41]} Qe6 {[%clk 0:02:09]} 47. a4
{[%clk 0:39:41]} Bd7 {[%clk 0:02:12]} 48. Qd3 {[%clk 0:39:53]} Bc6
{[%clk 0:02:10]} 49. Qg3 {[%clk 0:39:39]} Qe3 {[%clk 0:01:43]} 50. Qg4
{[%clk 0:39:40]} Qe7 {[%clk 0:01:39]} 51. Qg3 {[%clk 0:39:57]} Qg5
{[%clk 0:01:32]} 52. Rg4 {[%clk 0:40:22]} Qf6 {[%clk 0:01:49]} 53. Rf4
{[%clk 0:40:48]} Qb2 {[%clk 0:01:41]} 54. Rf2 {[%clk 0:40:15]} Qe5
{[%clk 0:01:55]} 55. Rf4 {[%clk 0:40:41]} Kh7 {[%clk 0:01:51]} 56. Qd3+
{[%clk 0:40:54]} Be4 {[%clk 0:02:01]} 57. Qg3 {[%clk 0:41:17]} Re6
{[%clk 0:01:53]} 58. h4 {[%clk 0:41:06]} Rg6 {[%clk 0:01:38]} 59. Qe3
{[%clk 0:41:17]} Rxg2+ {[%clk 0:01:19]} 60. Kh3 {[%clk 0:41:24]} Qe6+
{[%clk 0:01:39]} 0-1

[Event "EUYCC 2024 U12"]
[Site "?"]
[Date "2024.08.08"]
[Round "4.7"]
[White "Ochkova, Vasilena"]
[Black "Fadeev, Justin Michael"]
[Result "0-1"]
[BlackElo "1762"]
[WhiteElo "1587"]
[LiveChessVersion "1.4.8"]

1. e4 {[%clk 1:30:57]} c5 {[%clk 1:30:53]} 2. Nc3 {[%clk 1:31:18]} Nc6
{[%clk 1:31:08]} 3. g3 {[%clk 1:31:11]} g6 {[%clk 1:30:30]} 4. Bg2
{[%clk 1:31:18]} Bg7 {[%clk 1:30:28]} 5. d3 {[%clk 1:30:15]} Nf6 {[%clk 1:28:46]}
6. h3 {[%clk 1:29:56]} O-O {[%clk 1:28:02]} 7. Be3 {[%clk 1:29:25]} d6
{[%clk 1:27:33]} 8. Qd2 {[%clk 1:28:53]} Bd7 {[%clk 1:25:37]} 9. Bh6
{[%clk 1:26:33]} Nd4 {[%clk 1:24:06]} 10. Bxg7 {[%clk 1:26:26]} Kxg7
{[%clk 1:24:30]} 11. Nge2 {[%clk 1:25:05]} Rb8 {[%clk 1:23:10]} 12. f4
{[%clk 1:19:46]} Qc7 {[%clk 1:12:15]} 13. O-O {[%clk 1:17:16]} e6
{[%clk 1:10:01]} 14. g4 {[%clk 1:11:12]} b5 {[%clk 1:07:31]} 15. Ng3
{[%clk 1:09:16]} Bc6 {[%clk 1:01:19]} 16. Nce2 {[%clk 1:02:11]} Nd7
{[%clk 0:57:49]} 17. Nxd4 {[%clk 0:55:16]} cxd4 {[%clk 0:58:04]} 18. f5
{[%clk 0:54:06]} e5 {[%clk 0:48:34]} 19. g5 {[%clk 0:36:34]} Nb6 {[%clk 0:41:07]}
20. f6+ {[%clk 0:35:04]} Kh8 {[%clk 0:40:07]} 21. h4 {[%clk 0:25:46]} d5
{[%clk 0:37:49]} 22. Qf2 {[%clk 0:20:57]} dxe4 {[%clk 0:36:35]} 23. Bxe4
{[%clk 0:18:50]} Bxe4 {[%clk 0:35:08]} 24. dxe4 {[%clk 0:17:43]} Nc4
{[%clk 0:25:25]} 25. Rab1 {[%clk 0:09:20]} Ne3 {[%clk 0:19:01]} 26. Rfc1
{[%clk 0:09:14]} Rfc8 {[%clk 0:18:21]} 27. c3 {[%clk 0:05:40]} Qc5
{[%clk 0:17:16]} 28. Nf1 {[%clk 0:05:01]} Nxf1 {[%clk 0:15:27]} 29. Kxf1
{[%clk 0:03:24]} Qc4+ {[%clk 0:12:43]} 30. Kg1 {[%clk 0:03:17]} dxc3
{[%clk 0:12:13]} 31. Rxc3 {[%clk 0:02:16]} Qxe4 {[%clk 0:12:29]} 32. Re1
{[%clk 0:01:56]} Qg4+ {[%clk 0:10:00]} 33. Qg3 {[%clk 0:01:41]} Qd4+
{[%clk 0:08:10]} 34. Qe3 {[%clk 0:01:27]} Rxc3 {[%clk 0:07:47]} 35. bxc3
{[%clk 0:01:22]} Qg4+ {[%clk 0:03:17]} 36. Kf1 {[%clk 0:01:06]} Qf5+
{[%clk 0:01:44]} 37. Qf2 {[%clk 0:01:12]} Qh3+ {[%clk 0:01:39]} 38. Ke2
{[%clk 0:01:11]} Qxc3 {[%clk 0:01:34]} 39. Qxa7 {[%clk 0:01:19]} Rd8
{[%clk 0:01:01]} 40. Qe3 {[%clk 0:01:05]} Qc4+ {[%clk 0:01:14]} 41. Kf2
{[%clk 0:01:10]} Qxh4+ {[%clk 0:01:37]} 42. Qg3 {[%clk 0:01:13]} Rd2+
{[%clk 0:01:51]} 43. Kg1 0-1

[Event "EUYCC 2024 U12"]
[Site "?"]
[Date "2024.08.08"]
[Round "4.8"]
[White "Kopecny, Filip"]
[Black "Bannoura, Daniel"]
[Result "1-0"]
[BlackElo "1483"]
[WhiteElo "2008"]
[LiveChessVersion "1.4.8"]

1. c4 {[%clk 1:30:57]} c5 {[%clk 1:30:49]} 2. Nc3 {[%clk 1:31:20]} g6
{[%clk 1:31:11]} 3. e4 {[%clk 1:31:40]} Bg7 {[%clk 1:31:27]} 4. Nge2
{[%clk 1:31:59]} d6 {[%clk 1:31:15]} 5. g3 {[%clk 1:32:15]} f5 {[%clk 1:30:54]}
6. exf5 {[%clk 1:32:19]} Bxf5 {[%clk 1:30:56]} 7. Bg2 {[%clk 1:32:33]} Nc6
{[%clk 1:31:00]} 8. a3 {[%clk 1:32:08]} Nf6 {[%clk 1:30:33]} 9. O-O
{[%clk 1:32:15]} O-O {[%clk 1:30:16]} 10. Nf4 {[%clk 1:28:37]} Bh6
{[%clk 1:26:19]} 11. d3 {[%clk 1:28:02]} Bxf4 {[%clk 1:23:41]} 12. Bxf4
{[%clk 1:28:21]} a6 {[%clk 1:21:04]} 13. Re1 {[%clk 1:27:30]} Qd7
{[%clk 1:18:00]} 14. Bh6 {[%clk 1:17:19]} Rf7 {[%clk 1:15:11]} 15. Nd5
{[%clk 1:17:00]} Nxd5 {[%clk 1:12:08]} 16. Bxd5 {[%clk 1:17:21]} e6
{[%clk 1:12:16]} 17. Bxc6 {[%clk 1:13:21]} Qxc6 {[%clk 1:12:31]} 18. g4
{[%clk 1:13:38]} d5 {[%clk 1:10:23]} 19. gxf5 {[%clk 1:13:34]} Rxf5
{[%clk 1:10:49]} 20. Qg4 {[%clk 1:10:06]} Re8 {[%clk 1:06:59]} 21. Re3
{[%clk 1:09:41]} Qb6 {[%clk 1:06:14]} 22. Re2 {[%clk 1:08:07]} d4
{[%clk 0:56:44]} 23. Rae1 {[%clk 1:05:01]} Qd6 {[%clk 0:55:20]} 24. Qg3
{[%clk 1:02:42]} Qd7 {[%clk 0:51:50]} 25. Re5 {[%clk 1:02:37]} Rf7
{[%clk 0:45:41]} 26. Rxe6 {[%clk 1:01:49]} Rd8 {[%clk 0:43:23]} 27. Rd6
{[%clk 1:00:27]} Qc8 {[%clk 0:37:51]} 28. Rxd8+ {[%clk 1:00:21]} Qxd8
{[%clk 0:38:11]} 29. Qe5 {[%clk 1:00:37]} Rf5 {[%clk 0:29:40]} 30. Qg7#
{[%clk 1:01:01]} 1-0

[Event "EUYCC 2024 U12"]
[Site "?"]
[Date "2024.08.08"]
[Round "4.9"]
[White "Rudova, Jana"]
[Black "Duchatel, Cyrielle"]
[Result "0-1"]
[BlackElo "1636"]
[WhiteElo "1484"]
[LiveChessVersion "1.4.8"]

1. e4 {[%clk 1:30:55]} c5 {[%clk 1:30:33]} 2. Nc3 {[%clk 1:31:00]} e6
{[%clk 1:30:22]} 3. g3 {[%clk 1:31:06]} Nc6 {[%clk 1:30:11]} 4. Bg2
{[%clk 1:30:58]} Be7 {[%clk 1:27:29]} 5. f4 {[%clk 1:29:52]} b6 {[%clk 1:25:48]}
6. Nf3 {[%clk 1:28:37]} Bb7 {[%clk 1:23:01]} 7. d3 {[%clk 1:27:10]} d5
{[%clk 1:19:54]} 8. O-O {[%clk 1:18:03]} Nf6 {[%clk 1:12:32]} 9. exd5
{[%clk 1:14:04]} exd5 {[%clk 1:11:17]} 10. d4 {[%clk 1:09:36]} cxd4
{[%clk 1:11:00]} 11. Nxd4 {[%clk 1:08:58]} Nxd4 {[%clk 1:11:09]} 12. Re1
{[%clk 1:07:33]} O-O {[%clk 1:09:49]} 13. Rxe7 {[%clk 1:05:36]} Qxe7
{[%clk 1:10:07]} 14. Qxd4 {[%clk 1:05:55]} Qe1+ {[%clk 1:06:54]} 15. Bf1
{[%clk 1:05:49]} Ba6 {[%clk 1:07:12]} 16. Qf2 {[%clk 1:05:25]} Rfe8
{[%clk 1:06:46]} 17. Kg2 {[%clk 1:04:48]} Bxf1+ {[%clk 1:06:24]} 18. Qxf1
{[%clk 1:04:41]} d4 {[%clk 1:04:59]} 19. Nb5 {[%clk 1:04:20]} Re2+
{[%clk 1:01:32]} 20. Kg1 {[%clk 1:04:11]} Qxf1+ {[%clk 1:00:27]} 21. Kxf1
{[%clk 1:03:59]} Rxc2 {[%clk 0:59:22]} 22. Nxd4 {[%clk 1:03:49]} Rxh2
{[%clk 0:59:23]} 23. Be3 {[%clk 1:03:05]} Re8 {[%clk 0:56:08]} 24. Rc1
{[%clk 1:02:05]} Rxe3 {[%clk 0:56:24]} 25. Kg1 {[%clk 0:59:26]} Rxb2
{[%clk 0:55:31]} 26. Nc6 {[%clk 0:57:47]} Rxg3+ {[%clk 0:55:40]} 27. Kh1
{[%clk 0:57:53]} Ng4 {[%clk 0:55:17]} 0-1

[Event "EUYCC 2024 U12"]
[Site "?"]
[Date "2024.08.08"]
[Round "4.11"]
[White "Hamernikova, Iris"]
[Black "Sweetman, Hugo"]
[Result "0-1"]
[BlackElo "1493"]
[WhiteElo "1448"]
[LiveChessVersion "1.4.8"]

1. e4 {[%clk 1:30:58]} e5 {[%clk 1:30:53]} 2. Nf3 {[%clk 1:31:21]} Nf6
{[%clk 1:31:11]} 3. Nxe5 {[%clk 1:31:45]} d6 {[%clk 1:31:33]} 4. Nf3
{[%clk 1:32:11]} Nxe4 {[%clk 1:31:57]} 5. Nc3 {[%clk 1:32:36]} Nxc3
{[%clk 1:32:17]} 6. dxc3 {[%clk 1:33:02]} Be7 {[%clk 1:31:53]} 7. Be3
{[%clk 1:33:25]} Be6 {[%clk 1:31:38]} 8. Qd2 {[%clk 1:33:48]} Nd7
{[%clk 1:31:45]} 9. O-O-O {[%clk 1:33:16]} Nf6 {[%clk 1:31:22]} 10. Ng5
{[%clk 1:30:42]} Qd7 {[%clk 1:27:44]} 11. Kb1 {[%clk 1:26:37]} Bf5
{[%clk 1:20:00]} 12. h3 {[%clk 1:25:55]} h6 {[%clk 1:19:20]} 13. Nf3
{[%clk 1:22:40]} Ne4 {[%clk 1:14:33]} 14. Qe2 {[%clk 1:21:40]} Nf6
{[%clk 1:07:37]} 15. Nd4 {[%clk 1:20:51]} Bh7 {[%clk 1:03:53]} 16. f3
{[%clk 1:08:41]} O-O-O {[%clk 1:00:00]} 17. Nb5 {[%clk 1:01:58]} a6
{[%clk 0:57:05]} 18. Na7+ {[%clk 1:00:04]} Kb8 {[%clk 0:57:15]} 19. Bf2
{[%clk 0:57:21]} Qe6 {[%clk 0:52:52]} 20. Nc6+ {[%clk 0:56:56]} bxc6
{[%clk 0:32:10]} 21. Qxa6 {[%clk 0:56:19]} c5 {[%clk 0:32:34]} 22. Bb5
{[%clk 0:56:10]} Qc8 {[%clk 0:30:10]} 23. Qa4 {[%clk 0:55:22]} Qb7
{[%clk 0:25:31]} 24. Bc6 {[%clk 0:55:35]} Qa7 {[%clk 0:25:44]} 25. Qb5+
{[%clk 0:55:51]} Kc8 {[%clk 0:23:21]} 26. b4 {[%clk 0:55:44]} d5 {[%clk 0:19:10]}
27. bxc5 {[%clk 0:54:03]} Qb8 {[%clk 0:19:13]} 28. Qxb8+ {[%clk 0:54:05]} Kxb8
{[%clk 0:19:35]} 29. a4 {[%clk 0:54:34]} Bf5 {[%clk 0:18:33]} 30. Bb5
{[%clk 0:54:48]} Bc8 {[%clk 0:18:14]} 31. c6 {[%clk 0:54:45]} Ne8
{[%clk 0:15:42]} 32. a5 {[%clk 0:54:50]} Nd6 {[%clk 0:14:04]} 33. Ba6
{[%clk 0:54:37]} Bxa6 {[%clk 0:14:05]} 34. Ka1 {[%clk 0:54:43]} Bf6
{[%clk 0:13:30]} 35. Rb1+ {[%clk 0:54:44]} Ka8 {[%clk 0:13:44]} 36. Be1
{[%clk 0:54:06]} Rb8 {[%clk 0:13:49]} 37. Bd2 {[%clk 0:54:30]} Nc4
{[%clk 0:13:57]} 0-1

[Event "EUYCC 2024 U12"]
[Site "?"]
[Date "2024.08.08"]
[Round "4.13"]
[White "Zvolanek, Vojtech"]
[Black "Hrckova, Anna"]
[Result "1/2-1/2"]
[BlackElo "1586"]
[WhiteElo "1601"]
[LiveChessVersion "1.4.8"]

1. e4 {[%clk 1:30:57]} e5 {[%clk 1:30:56]} 2. Nf3 {[%clk 1:31:19]} Nc6
{[%clk 1:31:15]} 3. Bc4 {[%clk 1:31:27]} Bc5 {[%clk 1:31:15]} 4. c3
{[%clk 1:31:15]} Bb6 {[%clk 1:30:30]} 5. d4 {[%clk 1:30:23]} d6 {[%clk 1:29:12]}
6. h3 {[%clk 1:27:59]} Bd7 {[%clk 1:27:51]} 7. Be3 {[%clk 1:25:16]} Nf6
{[%clk 1:27:29]} 8. Nbd2 {[%clk 1:24:29]} h6 {[%clk 1:25:24]} 9. O-O
{[%clk 1:23:21]} Qe7 {[%clk 1:25:24]} 10. dxe5 {[%clk 1:23:23]} Nxe5
{[%clk 1:24:20]} 11. Nxe5 Qxe5 {[%clk 1:22:48]} 12. Bxb6 {[%clk 1:20:45]} axb6
{[%clk 1:22:33]} 13. Nf3 {[%clk 1:16:30]} Qe7 {[%clk 1:21:41]} 14. Re1
{[%clk 1:15:48]} O-O {[%clk 1:21:55]} 15. e5 {[%clk 1:14:59]} Ne8
{[%clk 1:19:34]} 16. Qc2 {[%clk 1:13:43]} Be6 {[%clk 1:18:54]} 17. Bb3
{[%clk 1:13:11]} dxe5 {[%clk 1:14:33]} 18. Nxe5 {[%clk 1:13:13]} Qf6
{[%clk 1:13:08]} 19. Bxe6 {[%clk 1:12:22]} Qxe6 {[%clk 1:13:19]} 20. f4
{[%clk 1:06:22]} Nd6 {[%clk 1:12:46]} 21. a3 {[%clk 1:03:20]} Rfe8
{[%clk 1:10:40]} 22. Nf3 {[%clk 0:56:38]} Qc4 {[%clk 1:09:39]} 23. Rad1
{[%clk 0:51:28]} Qxf4 {[%clk 1:09:32]} 24. Nd4 {[%clk 0:41:32]} Nc4
{[%clk 1:06:21]} 25. Rf1 {[%clk 0:34:32]} Qe4 {[%clk 1:04:45]} 26. Qxe4
{[%clk 0:33:22]} Rxe4 {[%clk 1:04:23]} 27. Rf2 {[%clk 0:31:14]} Rd8
{[%clk 1:02:26]} 28. Rdf1 {[%clk 0:29:29]} f6 {[%clk 1:00:36]} 29. Nf5
{[%clk 0:26:14]} Rd2 {[%clk 1:00:03]} 30. Rxd2 {[%clk 0:24:49]} Nxd2
{[%clk 1:00:09]} 31. Rd1 {[%clk 0:23:22]} Re5 {[%clk 0:59:32]} 32. Rxd2
{[%clk 0:23:12]} Rxf5 {[%clk 0:59:54]} 33. Rd8+ {[%clk 0:23:07]} Kh7
{[%clk 1:00:19]} 34. Rb8 {[%clk 0:23:13]} Rb5 {[%clk 0:59:49]} 35. Rxb7
{[%clk 0:22:00]} Rxb2 {[%clk 0:58:41]} 36. Rxc7 {[%clk 0:21:31]} Rb3
{[%clk 0:58:10]} 37. Rc6 {[%clk 0:20:38]} Rxa3 {[%clk 0:58:13]} 38. Rxb6
{[%clk 0:20:48]} Rxc3 {[%clk 0:58:31]} 39. Rb5 {[%clk 0:20:39]} Rg3
{[%clk 0:57:48]} 40. Rf5 {[%clk 0:19:04]} Kg6 {[%clk 0:56:58]} 41. Rd5
{[%clk 0:18:57]} Rg5 {[%clk 0:57:18]} 42. Rd4 {[%clk 0:19:14]} Rf5
{[%clk 0:56:51]} 43. Rd7 {[%clk 0:18:43]} h5 {[%clk 0:56:12]} 44. Re7
{[%clk 0:18:32]} Re5 {[%clk 0:53:43]} 45. Rd7 {[%clk 0:18:35]} Kh6
{[%clk 0:53:45]} 46. Rd6 {[%clk 0:18:33]} Kg5 {[%clk 0:53:42]} 47. Kh2
{[%clk 0:17:54]} h4 {[%clk 0:52:58]} 48. Rd7 {[%clk 0:17:49]} g6 {[%clk 0:51:01]}
49. Rf7 {[%clk 0:17:38]} f5 {[%clk 0:50:19]} 50. Rg7 {[%clk 0:17:25]} f4
{[%clk 0:49:25]} 51. Rg8 {[%clk 0:17:16]} Re2 {[%clk 0:49:01]} 52. Rf8
{[%clk 0:16:47]} Re5 {[%clk 0:48:49]} 53. Rf7 {[%clk 0:16:44]} Rf5
{[%clk 0:49:09]} 54. Rg7 {[%clk 0:17:00]} f3 {[%clk 0:49:06]} 55. gxf3
{[%clk 0:16:58]} Rxf3 {[%clk 0:48:52]} 56. Rg8 {[%clk 0:17:07]} Rg3
{[%clk 0:48:52]} 57. Rf8 {[%clk 0:17:28]} Kh6 {[%clk 0:48:48]} 58. Rh8+
{[%clk 0:17:21]} Kg5 {[%clk 0:48:32]} 59. Rf8 {[%clk 0:17:35]} Rc3
{[%clk 0:48:38]} 60. Rf7 {[%clk 0:17:14]} Rc6 {[%clk 0:48:57]} 61. Rf8
{[%clk 0:17:29]} Rc4 {[%clk 0:48:29]} 62. Kg2 {[%clk 0:17:28]} Kh6
{[%clk 0:48:45]} 63. Rf7 {[%clk 0:17:15]} g5 {[%clk 0:47:22]} 64. Rf6+
{[%clk 0:16:56]} Kg7 {[%clk 0:47:43]} 65. Rf5 {[%clk 0:17:02]} Kg6
{[%clk 0:48:02]} 66. Rf8 {[%clk 0:17:25]} Rc7 {[%clk 0:47:49]} 67. Rg8+
{[%clk 0:15:22]} 1/2-1/2